00302nam a22000977a 4500008004100000082001400041100000800055245010200063260003000165300000900195230619b xxu||||| |||| 00| 0 eng d a305.4bUN cGOK aSituation Analysis of children & Women in Kenyab1998cA government of kenya & UNICEF Publication aNairobi, KenyabGokc1998 a250p